The new complete guide to all persons who have any Trade or Concern with the City of London (Record no. 113529)

MARC details
000 -LEADER
fixed length control field 02383cam a22001935a 4500
001 - CONTROL NUMBER
control field L155386
008 - FIXED-LENGTH DATA ELEMENTS--GENERAL INFORMATION
fixed length control field 120320s1777 xxk f 000 0 eng d
035 ## - SYSTEM CONTROL NUMBER
System control number (Sirsi) u155386
041 0# - LANGUAGE CODE
Language code of text/sound track or separate title eng
245 04 - TITLE STATEMENT
Title The new complete guide to all persons who have any Trade or Concern with the City of London
Remainder of title and parts adjacent. Containing I. The Names of all the Streets, Squares, &c. in the said City, and within the Bills of Mortality. II. The Names and Situation of the Companies Halls, &c. within the said Bills of Mortality. III. The New Rates for Carmen, as settled by the Lord Mayor, &c. the 11th of July, 1757, and the Rates of Watermen, Hackney Coachmen, Chairmen, and Potters. IV. Rates of the General-Post, and Penny-Post Offices, where kept, and to what Places they send Letters and Parcels; and the Holidays kept at the Public Offices. V. An Account of the Coasting Vessels, &c. VI. An Account of all the Stage-Coaches, with the Fares of Passengers, Carriers, &c. where they inn. and when they go out. Vii. Of entering Goods at the Custom-House. Viii. The Names and Places of Abode of the most eminent Merchants and Traders in and about London. IX. List of the Lord-Mayor and Court of Aldermen of the City of London, with their Wards. X. Directors of the Bank of England, South-Sea and India Companies; Royal-Exchange Assurance; Sun-Fire-Office, and London Assurance; Commissioners for Trade and Plantations, of the Excise, and the Customs. Being The exactest Piece of the Kind hitherto published: And designed for the Use of Persons of All Degrees, as well Natives as Foreigners. with large Additions and Alterations And a new and accurate Plan of London, Westminster, Southwark, and Parts adjacent; also an exact Plan of the Royal-Exchange, shewing the several Walks or Places for transacting Business by the different Merchants, Traders, &c.
250 ## - EDITION STATEMENT
Edition statement The fifteenth edition, ..
260 ## - PUBLICATION, DISTRIBUTION, ETC.
Place of publication, distribution, etc. [London]
Name of publisher, distributor, etc. Printed for T. Longman, J. Rivington, J. Hinton, S. Crowder, T. Caslon; E. and C. Dilly; W. Stuart; S. Bladon; and R. Baldwin
Date of publication, distribution, etc. MDCCLXXVII. [1777]
300 ## - PHYSICAL DESCRIPTION
Extent [2], 293, [3] p., plates
Dimensions 12o
520 ## - SUMMARY, ETC.
Summary, etc. Originally published as "A compleat guide to all persons .. "; also published as "Baldwin's new complete guide".
583 ## - ACTION NOTE
Action Condition reviewed
Time/date of action 20120620
Status condition level 2
651 #4 - SUBJECT ADDED ENTRY--GEOGRAPHIC NAME
Geographic name Great Britain
Chronological subdivision 1707-
690 ## - LOCAL SUBJECT ADDED ENTRY--TOPICAL TERM (OCLC, RLIN)
Topical term or geographic name as entry element Measurement
9 (RLIN) 6256
942 ## - ADDED ENTRY ELEMENTS (KOHA)
Suppress in OPAC 0
Holdings
Withdrawn status Lost status Source of classification or shelving scheme Damaged status Not for loan Home library Current library Shelving location Date acquired Total Checkouts Full call number Barcode Date last seen Copy number Price effective from Koha item type
    Dewey Decimal Classification     Historic collection Historic collection Historic collection 20/03/2012   OCTAVO 1777 NEW 30075917 06/08/2019 1 06/08/2019 Book